| 000 | 00421nam a2200169 i 4500 | ||
|---|---|---|---|
| 001 | bgj | ||
| 100 | 1 | _aKINGSBURY, Roy | |
| 245 | 0 |
_aCAE Advantage / _cRoy Kingsbury, Felicity O'Dell, Guy Wellman. |
|
| 250 | _a[2nd impr.]. | ||
| 260 |
_aHarlow, Essex, _c1992. |
||
| 700 | 1 | _aO'DELL, Felicity | |
| 700 | 1 | _aWELLMAN, Guy | |
| 040 | _cBPK | ||
| 041 | 0 | _aeng | |
| 942 | _cKS | ||
| 008 | s uk f |000 0 eng | ||
| 999 |
_c47389 _d47389 |
||